Vascular reconstructions in transplantation and liver surgery: Essential elements for specialists in hepato-gastroenterology (notice n° 2053567)

détails MARC
000 -LEADER
fixed length control field 02189cam a2200169 4500500
005 - DATE AND TIME OF LATEST TRANSACTION
control field 20260405002034.0
041 ## - LANGUAGE CODE
Language code of text/sound track or separate title fre
042 ## - AUTHENTICATION CODE
Authentication code dc
100 10 - MAIN ENTRY--PERSONAL NAME
Personal name Puia-Negulescu, Serban
Relator term author
245 00 - TITLE STATEMENT
Title Vascular reconstructions in transplantation and liver surgery: Essential elements for specialists in hepato-gastroenterology
260 ## - PUBLICATION, DISTRIBUTION, ETC.
Date of publication, distribution, etc. 2026.<br/>
500 ## - GENERAL NOTE
General note 65
520 ## - SUMMARY, ETC.
Summary, etc. Hepatic vascular reconstructions constitute the cornerstone of liver transplantation and, more exceptionally, of hepatic oncological surgery. In transplantation, they systematically involve the three vascular axes: inferior vena cava, portal vein, and hepatic artery. Each vessel follows specific reconstruction principles, with technical mastery of anastomoses directly determining vascular patency and graft survival. Technical complexity varies according to the type of graft used: whole liver versus partial liver (split or living donor), being more difficult for a partial graft compared to a whole liver. The arterial anastomosis remains the most challenging, particularly due to its small caliber, frequent anatomical variations, and the risk of arterial dissection. Recipient pathological conditions (portal thrombosis, biliary atresia, portal hypertension) require adapted reconstructive strategies, sometimes including a temporary shunt or bypass techniques. In hepatic oncological surgery, the evolution of vascular reconstruction techniques developed in transplantation has revolutionized the management of tumors with vascular invasion, transforming former contraindications into operative indications. Although their use remains limited (&lt; 1% of hepatic resections), they now enable complex oncological resections for hepatocellular carcinomas, cholangiocarcinomas, and hepatic metastases, with an acceptable complication rate. These interventions require rigorous preoperative planning and meticulous patient selection.
700 10 - ADDED ENTRY--PERSONAL NAME
Personal name Boillot, Olivier
Relator term author
786 0# - DATA SOURCE ENTRY
Note Hépato-Gastro & Oncologie Digestive | 33 | 2 | 2026-02-24 | p. 195-212 | 2115-3310
856 41 - ELECTRONIC LOCATION AND ACCESS
Uniform Resource Identifier <a href="https://stm.cairn.info/journal-hepato-gastro-oncologie-digestive-2026-2-page-195?lang=en&redirect-ssocas=7080">https://stm.cairn.info/journal-hepato-gastro-oncologie-digestive-2026-2-page-195?lang=en&redirect-ssocas=7080</a>

Pas d'exemplaire disponible.

PLUDOC

PLUDOC est la plateforme unique et centralisée de gestion des bibliothèques physiques et numériques de Guinée administré par le CEDUST. Elle est la plus grande base de données de ressources documentaires pour les Étudiants, Enseignants chercheurs et Chercheurs de Guinée.

Adresse

627 919 101/664 919 101

25 boulevard du commerce
Kaloum, Conakry, Guinée

Réseaux sociaux

Powered by Netsen Group @ 2025